[Event "Euwe-Stukkenkagers"]
[Site "Amsterdam"]
[Date "2004.04.17"]
[Round "8"]
[White "Van Dongen, Cor"]
[Black "Witt, Rob"]
[Result "1-0"]
[WhiteElo "2260"]
[BlackElo "2266"]
[Annotator "Witt"]
[PlyCount "163"]

{Vlak voor het begin van de belangrijke wedstrijd van Euwe tegen Stukkenjagers
hoorden we dat ze invallers hadden voor de borden 1 en 3 (Grooten en Strijbos).
Een meevaller omdat wij ook 2 invallers hadden voor Wunnink en Polak.} 1. d4 d5
2. c4 c6 3. Nf3 Nf6 4. Nc3 a6 5. c5 {Weg voorbereiding.} Nbd7 6. Bf4 Nh5 {
Kennelijk kwam de Chameleon ook voor mijn tegenstander als een verrassing,
want hier dacht hij 20' na.} 7. Be3 {Nooit eerder gezien. Gebruikelijk is 7.e3
; 7.Lg5 of 7.Ld2.} Qc7 {Dit wordt wel gespeeld maar gebruikelijker is} (7... g6
8. g3 Bg7 9. Bg2 O-O 10. O-O {en dan pas een keer e7-e5 doorzetten.}) 8. Qd2 $5
{Waarschijnlijk nieuw. Gezien de dreiging g4 en Lf4 besloot ik nu e5 te spelen,
maar wit staat duidelijk beter.} ({Ik heb alleen partijen gevonden die verder
gingen met} 8. g3) 8... e5 $2 ({Beter lijkt me nu} 8... b6 9. cxb6 (9. g4 Nhf6
10. Bf4 Qb7 11. g5 (11. cxb6 Nxg4 $15) 11... Nh5 12. cxb6 Nxb6 13. b3 Nxf4 14.
Qxf4 e6 {met beter spel voor zwart}) 9... Nxb6 10. Qc2 e6 $11) 9. Nxe5 Nxe5 10.
dxe5 Qxe5 11. Bd4 $16 Qc7 ({Fritz heeft een lichte voorkeur voor} 11... Qe7 12.
O-O-O $14) 12. e3 {Rustig gespeeld. Wit kan ook scherper spelen. Bijv.} (12. e4
dxe4 13. Nxe4 Be6 14. Qc3) 12... Be7 13. Bd3 O-O 14. O-O Bf6 $6 (14... Nf6 15.
Qc2) 15. Ne2 {Dit had ik wel verwacht. Interessant is} (15. Qd1 $5 g6 16. Qa4 (
16. Be2 Bxd4 17. Qxd4 Ng7 18. b4 $14) 16... Be5 17. Bxe5 Qxe5 18. Qb4 $14)
15... Re8 16. Rae1 Bg4 $6 {Tijdverbruik: Wit 60'; Zwart 40'.} (16... Be5 $5 17.
Bxe5 Qxe5 18. Nd4 Nf6 {en er is niet veel aan de hand.}) 17. f3 Bd7 {Hierna
dacht wit 25' na.} (17... Be6) 18. g4 Bxd4 19. exd4 (19. Nxd4) 19... Nf6 20.
Ng3 (20. Qf4 $5) 20... h6 21. Kg2 Rxe1 {Met remiseaanbod. Op dit moment leek
de wedstrijd niet slecht voor ons te lopen. Zelf vond ik dat ik een blijvend
structureel nadeel had en nooit zou kunnen winnen.} (21... b6 $5 22. h4 {
Dit leek me lastig.} bxc5 (22... Kh8 23. g5 Ng8 24. f4) 23. dxc5 d4 {Niet
overwogen tijdens de partij.} (23... Nh7 24. g5 hxg5 25. hxg5 Nf8 26. Rxe8 Rxe8
27. f4 Ng6 28. Bxg6 fxg6) 24. Bc4 Be6 25. Bxe6 fxe6 26. Qxd4 e5 27. Qc4+ Nd5
28. Ne4 Rab8 29. b3 Qa5 30. Qc2 Nf4+ 31. Kh1 Re6 32. Nd6 $14) 22. Rxe1 Re8 23.
Rxe8+ Nxe8 24. Qe3 (24. g5 hxg5 25. Qxg5 Qa5 26. a3 Nf6 27. h4 Qe1 28. h5 Nh7 {
en zwart lijkt het te houden.}) 24... Qd8 25. h3 Kf8 (25... Nc7) 26. Bf5 {
Waarschijnlijk minder goed, al zag ik niet waarom.} ({Sterker was} 26. f4)
26... Qe7 $6 ({Sterker was} 26... Bxf5 27. Nxf5 Nc7 28. b4 (28. Nd6 Ne6 29. f4
Qf6 30. f5 Qxd4 31. Qxd4 Nxd4 32. Nxb7 g6 {met gelijke kansen.}) 28... Ne6 29.
Qe5 Kg8 30. h4 a5 {en zwart heeft betere remisekansen dan in de partij.}) 27.
Kf2 Qxe3+ $6 {Dit eindspel is heel moeilijk voor zwart.} ({Beter was} 27... Qd8
28. Bxd7 Qxd7 29. Nf5 a5) 28. Kxe3 Ke7 29. Bxd7 Kxd7 30. Nf5 Ke6 31. Kf4 Kf6 (
31... a5 $5 32. b3 g5+ 33. Ke3 h5 34. a3 f6 35. f4 hxg4 36. hxg4) 32. h4 Ke6 $6
(32... g5+ 33. hxg5+ hxg5+ 34. Ke3 $16) 33. h5 Kf6 34. a3 {Wit nog 2'; zwart
15'.} Nc7 35. Nd6 Nb5 (35... Ne6+ 36. Ke3 g6 37. b4 gxh5 38. gxh5 Kg5 39. Nxf7+
Kxh5 40. Nd6 Nd8 41. f4 Kg4 42. f5 Kg5 43. Kf3 Kf6 (43... h5 44. Kg3 h4+ 45.
Kf3 Kh5 46. Kf4 {met winst.}) 44. Kg4 Nf7 45. Nxb7 h5+ 46. Kxh5 Kxf5 47. a4)
36. Ne8+ Ke7 37. Nxg7 Nxd4 38. Ke3 ({Het pionneneindspel is remise na} 38. Nf5+
Nxf5 39. Kxf5 Kf8 40. f4 f6 41. b4 Kg7 42. a4 Kf8 43. a5 Kf7 44. g5 fxg5 45.
fxg5 hxg5 46. Kxg5 Kg7 $11) 38... Ne6 $2 (38... Kf8 $1 39. Kxd4 Kxg7 40. Ke5
f6+ 41. Kf5 $11) 39. Nf5+ Kf6 40. b4 Kg5 41. Nd6 Nd8 {Hier dacht wit ruim een
half uur na. De wedstrijd was inmiddels gekanteld. Het stond 3-3 na nederlagen
van Alje en Juan (de laatste had beter gestaan) en overwinningen van Gertjan
en invaller Mawira. De remises waren van Tigran en Eddy. De laatste had veel
te snel en zonder overleg remise gegeven tegen een invaller. Teamleider Sander
hoopte op 5-5. Overeem ging verliezen, Lesman ging winnen, Blanchard ging
remise maken en hij hoopte dat ik dat ook deed. Ik antwoordde dat ik verloren
stond en dat ik ook niet zeker was van die remise van Blanchard.} 42. Nf5 $6 {
Helaas verpest dit niks.} ({Ik was bang voor} 42. a4 f6 (42... a5 $2 43. bxa5
f6 44. Nxb7 $1) 43. a5 Kh4 44. Kf2 Ne6 45. Nxb7 $18 {Eigenlijk niet moeilijk
te vinden. Ik snap niet wat mijn tegenstander in dat half uur allemaal gezien
en gemist heeft.}) 42... a5 {Wanhoop, maar wat moest ik anders? Wit blijft
gewonnen staan.} 43. Ke2 $2 (43. bxa5 Ne6 44. Nd6 $18 d4+ 45. Ke4 (45. Kd3)
45... Nxc5+ 46. Kxd4 Ne6+ (46... Nb3+ 47. Kc3 Nxa5 48. Nxf7+) 47. Kc4 {en
zwart is weerloos.}) 43... axb4 44. axb4 Ne6 45. Ke3 f6 46. Nd6 Nd8 {Hier had
ik voor het eerst het idee dat ik misschien remise kon maken.} 47. Nf5 Nf7 48.
Nd4 Nd8 {Wit nog 8'; Zwart 38'.} 49. Kf2 Kf4 50. Ke2 Nf7 51. Nf5 Kg5 52. Kf1 $2
{Wit draait zichzelf een beetje dol met al zijn konigsdriehoekjes.} (52. Nd6
Ne5 53. Nxb7 f5 54. gxf5 Kxf5 55. Ke3 d4+ 56. Kxd4 Nxf3+ 57. Ke3 Ne5 58. Na5 {
wint waarschijnlijk.}) 52... Kf4 53. Kf2 Ne5 54. Nxh6 Nxf3 {Wit nog 2'; zwart
28'.} 55. Ng8 (55. Nf7 {lijkt betere kansen te bieden, maar ik kan remise
maken met} Nh2 56. h6 Nxg4+ 57. Ke2 Nxh6 58. Nxh6 Ke4 {zie later in de partij.}
) 55... Ne5 56. h6 {Hier dacht ik een kwartiertje na. Inmiddels stond het 4-4
volgens verwachting, maar Blanchard stond inmiddels verloren. Dat betekende
dat ik niks meer aan remise had. Tegen beter weten in probeerde ik maar te
gokken.} Kg5 ({Ik zag dat het stukoffer niet meer dan remise was.} 56... Nxg4+
57. Ke2 Nxh6 58. Nxh6 Ke4 59. Nf7 Kd4 60. Nd6 Kc3 61. b5 Kb4 62. Nxb7 Kxb5 63.
Kd3 f5 64. Kd4 f4 65. Nd6+ Ka4 ({Zwart moet nog even opletten. Verliezend is
het voor de hand liggende} 65... Kb4 $2 66. Nf7 $1 {met winst.}) 66. Nf5 f3 67.
Ne3 f2 68. Nf1) 57. h7 Nf7 58. Ke3 Kg6 59. Kd4 Kg7 60. Kc3 ({Mogelijk kan wit
hier nog winnen met} 60. b5 $5 cxb5 61. Kxd5 Kxh7 62. Nxf6+ Kg6 63. Ne4 b4 64.
Kc4 Ne5+ 65. Kxb4 Nxg4 {en zwart kan zijn paard altijd offeren voor de laatste
witte pion.}) 60... Kxh7 61. Nxf6+ Kg6 62. Nxd5 $1 {Totaal gemist in de
vooruitberekening. Zwart moet weer vechten voor remise.} Kg5 ({Aannemen leek
gevaarlijk, maar het blijkt te kunnen.} 62... cxd5 63. Kd4 Nd8 64. Kxd5 Nc6 65.
b5 Na7 66. Kc4 Kg5 67. Kb4 Kxg4 68. Ka5 Kf5 69. Kb6 Nxb5 70. Kxb5 Ke5 71. Kb6
Kd5 {met remise.}) 63. Ne3 Kf4 64. Kd4 Ng5 (64... Nh6) 65. Nc4 Ne6+ 66. Kd3 Nc7
67. Kc3 Nd5+ {Vanaf hier noteerde wit niet meer omdat hij minder dan 5' had.
Ik moest nog schrijven omdat ik 8' had.} 68. Kb3 Kxg4 69. Ka4 Kf5 70. Nd6+ Ke6
71. Nxb7 Nc7 {Dit moet natuurlijk makkelijk remise zijn, maar ik was niet meer
al te fit.} 72. Ka5 Nd5 73. Nd8+ Kd7 74. Nf7 Ke6 (74... Nc3 {is het
makkelijkste. De witte koning kan niet meer terug en ook niet naar b6.}) 75.
Ng5+ Kf5 76. Nf7 Ke6 77. Nd6 Ke5 78. Ka4 Kd4 79. Kb3 Nc7 $2 {Verliest de pion}
(79... Ne7 $11) 80. Nf5+ Ke5 $2 {en dit verliest de partij.} ({Ik kon nog
remise maken met} 80... Ke4 $1 81. Ne7 Na6 82. Nxc6 (82. Kc4 Nb8 83. b5 cxb5+
84. Kxb5 Kf4 {is ook remise.}) 82... Nxc5+ 83. Kc4 (83. bxc5 Kd5) 83... Nd7 84.
b5 Kf5 85. Kd5 Nf6+ 86. Kd6 Ne4+ 87. Kd7 Nc3 88. b6 Na4 89. b7 Nc5+) 81. Ne7
$18 Na6 82. Nxc6+ {en wit won. Na afloop ging het gerucht dat Purmerend ging
winnen van Philidor Leeuwarden en later werd dit bevestigd. Degradatie is een
feit omdat ook BSG wist te winnen. Het heeft niet meegezeten dit seizoen.} 1-0

[Event "Euwe intern"]
[Site "Amsterdam"]
[Date "2004.06.03"]
[Round "?"]
[White "Witt, Rob"]
[Black "Hovenga, Alje"]
[Result "1-0"]
[WhiteElo "2227"]
[BlackElo "2156"]
[Annotator "Witt,Rob"]
[PlyCount "55"]

{Deze partij werd gespeeld op de laatste clubavond van het seizoen. Plaats van
handeling is het Gamecenter op het Rokin. Hopenlijk wordt dit onze nieuwe
clublokatie maar zeker is dit nog allerminst omdat de initiatiefnemer nog niet
rond is met de bank.} 1. Nf3 d5 2. d4 c6 3. c4 e6 4. Qc2 {Vermijdt de
Noteboomvariant. Ik weet niet eens zeker of je dat zo schrijft, laat staan dat
ik de kritische theoretische varianten ken.} (4. Nc3 dxc4 5. e3 b5 6. a4 Bb4 7.
Bd2 a5 8. axb5 Bxc3 9. Bxc3 cxb5 10. b3 Bb7 11. bxc4 b4 12. Bb2 Nf6 {En hier
ho udt mijn kennis zo'n beetje op, terwijl die van Alje hier pas begint. Een
alternatief is nog 4.e3 maar dan schakelt Alje over naar de Hollandse
Stonewall zoals hij met succes deed tegen Han Mawira dit seizoen.}) 4... Nf6 5.
g3 (5. Bg5 {is een interessant alternatief. Ik streefde echter naar een
stelling uit het Gesloten Katalaans.}) 5... Nbd7 6. Bg2 Bd6 (6... Be7 {en
later b6 en Lb7 is ook een respectabel systeem.}) 7. O-O O-O 8. Rd1 (8. Nbd2 {
wordt ook veel gespeeld. Ik zag in Chesslab o.a. twee partijen van Rob
Bodicker.}) 8... a6 $6 {Ongebruikelijk en niet voor herhaling vatbaar.
Gebruikelijk lijkt me wat ik na de partij aangaf} (8... Qe7 {en nu scherp 9.
Pc3 of rustig 9.Pbd2.}) 9. Nbd2 b5 10. e4 (10. c5 $5) 10... dxe4 11. Nxe4 (11.
Ng5 $5) 11... Nxe4 12. Qxe4 Bb7 13. Bg5 ({Interessant is ook} 13. c5 $5 Nf6 14.
Qe2 Be7 15. Ne5 Nd5 {Beide spelers hebben een mooi paard in het centrum, maar
de witte lopers zijn beter.}) 13... Nf6 14. Bxf6 $1 (14. Qe2 bxc4 15. Ne5 Be7
16. Qxc4 {is ook niet slecht.}) 14... gxf6 {Alje ziet liever geen paard op e5
verschijnen.} (14... Qxf6 15. c5 Bc7 16. Ne5 {is ook geen pretje voor zwart.})
15. c5 ({Ik had gezien dat ik nu evengoed Pe5 kon spelen, maar ik zag niet
waarom dat sterk was. Fritz wel, een aardige variant is bijv.} 15. Ne5 Qc7 16.
Ng4 f5 $2 ({Beter is} 16... Be7 17. c5 $14) 17. Nf6+ Kg7 18. Qh4 h6 19. Nh5+
Kh7 20. Qf6 Rg8 21. c5 Bf8 22. Qe5 $1 Qxe5 23. dxe5 Bg7 24. Rd7 $18) 15... Be7
16. b4 ({Fritz suggereert} 16. Qg4+ Kh8 17. Qh5 Qe8 {maar mijn plan lijkt me
beter.}) 16... a5 17. a3 axb4 {Misschien moet zwart hiermee wachten, maar soms
heb ik zelf sterk a3-a4.} 18. axb4 Qd5 $2 {Dit blijkt geen zin te hebben.
Beter iets met Kh8 en Tg8.} 19. Qg4+ Kh8 20. Rxa8 {Dit speelde ik vrij snel
omdat ik zag dat ik de a-lijn kreeg. Sterk in aanmerking kwam echter ook} (20.
Ne5 Qb3 21. Rab1 Qc2 22. Qh4 $1 ({Nog sterker dan} 22. Nxc6 $16) 22... Ra2 23.
Rf1 {en de dreiging Le4 dwint zwart tot} fxe5 24. Qxe7 Rb8 25. Qc7 Raa8 26. Ra1
{met winst.}) 20... Bxa8 {Pas nu trok ik een half uurtje uit voor mijn
volgende zet. Een zet te laat dus.} 21. Ra1 (21. Ne5 Qb3 22. Nxc6 Bxc6 23. Bxc6
Qxb4 {leek me niet zo bijzonder, bijv.} 24. Qh4 {met de dreiging Le4.} (24. Qe2
Rd8 ({Tijdens de partij zag ik alleen} 24... Rb8 {maar ook dat leek me
moeilijk te winnen voor wit.}) 25. Bxb5 Rxd4 26. Rxd4 Qxd4 27. c6 Bd6 {en ik
zie geen winstplan.}) 24... Kg7 25. Be4 h6 26. Qg4+ Kh8 27. Qf4 Kg7 {en dit
leek me moeilijk te winnen.}) 21... Qb3 {In onze anal yse achteraf vonden we
dit de beslissende fout. De dame had terug gemoeten. Tot mijn verrassing
blijkt Fritz dit de beste te vinden. Maar na een tijdje wordt ie verstandig en
kiest voor Tg8 en Dd8. Wit blijft ook dan goed staan.} 22. Qf4 Re8 23. h4 {
Ik wilde eerst een luchtgaatje voor mijn koning maken alvorens tot beslissende
acties over te gaan.} ({Ik zag ook} 23. Ne5 $1 {maar ik vond het jammer dat ik
de a-lijn moest verlaten na} Qb2 24. Rf1 {Toch blijkt ook hier geen afdoende
verdediging te zijn voor zwart.} Qxb4 (24... Kg7 $2 25. Qg4+ Kf8 26. Nd7#) (
24... Rf8 25. Nd7 Rd8 26. Qc7 Qxd4 27. Nb6 Bf8 28. Nxa8 Rxa8 29. Bxc6 $18) 25.
Be4 Rg8 26. Nxf7+ Kg7 {en hier zag ik geen overtuigend vervolg. Heel goed is
echter} 27. Nd6 Bxd6 (27... Qxd4 {verliest na} 28. Qg4+ Kf8 29. Qxe6 Bxd6 30.
cxd6 Qe5 (30... Rg7 31. Qc8+ {enz.}) 31. Qc8+ Kg7 32. Qd7+ Kf8 33. Bf5 {enz.})
28. Qxd6 Kh8 29. Qc7 f5 30. Ra1 {met winst.}) 23... Qxb4 24. h5 $6 {Wat
achteloos gespeeld. Ik dacht dat zwart alleen nog maar kon afwachten hoe wit
het uit zou maken. Ook Alje ziet het niet meer zitten.} (24. Ne5 $1 {is
opnieuw sterk.}) 24... Qb2 25. Ra7 Qb1+ $2 {Hierna is er geen verdediging meer.
Noodzakelijk was} (25... Kg7 {en nu moet ik met nog 20' op de klok wel de
beste zetten vinden. Alje had trouwens ook ca. 20'.} 26. h6+ ({Beter dan} 26.
Kh2 h6 27. Qc7 Qxf2 28. Qa5 e5 $1 {Bijv.} 29. Rxa8 Rxa8 30. Qxa8 e4 31. Ng1
Qxd4 32. Qxc6 Bxc5 33. Ne2 Qe5) 26... Kf8 27. Kh2 {dreigt Dg4 met mat.} Qc2 28.
Nh4 Qe2 {Nu staat wit voor een moeilijke keus. Met beperkte bedenktijd wordt
dat dus gokken. Sterk lijkt} 29. Rxe7 {Ik weet niet of ik dit gevonden zou
hebben.} ({Ook aantrekkelijk lijkt} 29. Qc1 {dreigt stukwinst met Da1.} f5 30.
Nf3 Qxf2 31. Qa1 Qe3 32. Rxa8 Qxh6+ 33. Bh3 Rxa8 34. Qxa8+ Kg7 35. Qxc6 Qe3 {
en dit lijkt me nog knap lastig te winnen.}) 29... Rxe7 30. Qxf6 Rd7 (30... Qg4
31. Bh3 Qg8 32. Bxe6 $1 $18) 31. Qh8+ Ke7 32. Qxh7 {dreigt Pg6+} ({lijkt
sterker dan} 32. Qxa8 {Bijv.} Qxf2 33. Qxc6 Rxd4 34. Qxb5 Rg4 (34... Rxh4+ 35.
gxh4 Qxh4+ 36. Kg1 Qe1+ 37. Qf1 Qe3+ 38. Qf2 Qc1+ 39. Kh2 Qxh6+ 40. Kg3 Qg7+
41. Kh3 Qc3+ 42. Bf3 {is ook niet zo duidelijk.}) 35. Qb7+ Kf6 36. Qc7 Rxh4+
37. gxh4 Qxh4+ 38. Kg1 Qd4+ {en het zal wel remise zijn.}) 32... Qg4 33. Be4 $1
{hernieuwt de dreiging Pg6+.} Kd8 34. f3 Qg5 35. Qg7 {en wint. Dit lijkt me
een overtuigende variant maar het blijft de vraag of ik dit gevonden had.}) 26.
Kh2 Qf5 (26... Kg8 27. Rxe7 Rxe7 28. Qb8+ Kg7 29. h6+) (26... Kg7 27. h6+ Kf8
28. Nh4 $18) 27. Rxe7 Qxh5+ (27... Rxe7 28. Qb8+ Kg7 29. h6+) 28. Kg1 {en
zwart geeft op.} 1-0

[Event "Euwe intern 04/05"]
[Site "Amsterdam"]
[Date "2004.10.14"]
[Round "7"]
[White "Witt, Rob"]
[Black "Lesman, Francis"]
[Result "1-0"]
[WhiteElo "2204"]
[BlackElo "2140"]
[Annotator "Witt,Rob"]
[PlyCount "79"]
[EventDate "2004.??.??"]

{Partijen tegen Francis staan altijd garant voor interessant spel met vaak
wisselende kansen. Deze keer leek dat niet het geval te zijn. Francis speelde
de Hedgehog nonchalant en we dachten allebei dat de partij al na 10 minuten
beslist was. In hogere zin was dat ook wel zo, maar in de analyse thuis
stuitte ik toch op vele verrassingen. Zo zie je maar weer mijnheer Nijenhuis,
elke partij is het waard om te analyseren!} 1. Nf3 Nf6 2. c4 e6 3. Nc3 c5 4. g3
b6 5. Bg2 Bb7 6. O-O Be7 7. Re1 ({Een belangrijk alternatief is} 7. d4 cxd4 8.
Qxd4 d6 9. Rd1 {Deze stelling heb ik zowel met wit als met zwart gespeeld. De
laatste keer met zwart tegen Timman in Lost Boys 2002.}) 7... O-O 8. e4 d6 9.
d4 cxd4 10. Nxd4 Nbd7 $2 {Francis had alles snel gespeeld en ook deze slechte
kwam a tempo.} 11. e5 $1 {Het was nog geen half negen en beide partijen
dachten hier dat zwart zo ongeveer kon opgeven. Tot mijn verbazing zag ik
thuis in een database dat diverse spelers, zelfs van 2400 niveau dit niet
gespeeld hadden.} dxe5 12. Bxb7 {En ook hier zag ik dat dit niet door iedereen
gespeeld is. Bijv. Schekachev (2500+) gaf hier de voorkeur aan} (12. Nxe6 {
Ik had hier ook even naar gekeken, maar vond het een laffe speelwijze.} fxe6
13. Bxb7 Rb8 14. Bg2 $14) 12... exd4 13. Bxa8 Qxa8 $1 {13'/7' En dit blijkt
nieuw te zijn. De partijen die ik met deze stelling gevonden heb, gingen
allemaal verder met} (13... dxc3 14. Bg2 Bb4 15. Re3 $14) 14. Qxd4 Rd8 {
Deze stelling blijkt helemaal niet zo gemakkelijk te zijn. Wit moet heel
nauwkeurig spelen om een voordeeltje te houden.} 15. Qe3 $6 {16' Ik was tot de
conclusie gekomen dat de witte dame het beste op e2 staat. Zowel pion 2 als
veld f3 zijn wat zwak. Het alternatief Td1 heb ik nauwelijks naar gekeken. Dat
kan altijd nog, dacht ik ten onrechte. Toch was dat de beste zet geweest. Het
idee is dat torenruil gunstig is voor wit, zodat Pd7 min of meer gepend staat.
Het nadeel vond ik tijdens de partij dat de witte dame naar het rare veld f4
moet, maar dat blijkt niet erg te zijn. Bijv.} (15. Rd1 Bc5 16. Qf4 h6 {
Verhindert Le3.} 17. g4 {Deze eigenaardig ogende zet is volgens Fritz de beste
(+0,72) en hoewel ik dit in eerste instantie niet geloofde, heb ik geen beter
alternatief gevonden.} (17. Be3 $2 g5 18. Qc7 Rc8) 17... Rc8 $1 {Veel beter
dan e5 dat Fritz aangeeft. De toren moet meteen uit de penning.} 18. h3 {
Dit en misschien ook Le3 is de enige methode denk ik die wit een klein
voordelltje geeft.} (18. Qg3 $2 Ne5 $1 19. Qxe5 Bxf2+ 20. Kf1 Bh4 $1 {en
waarschijnlijk heeft wit niet beter dan remise te maken met} 21. Kg1) (18. b3
$2 Ne5 $1 {Altijd maar weer deze sterke zet die remise maakt.} 19. Qxe5 Bxf2+)
(18. Be3 e5 19. Qf5 Bxe3 20. fxe3 Rxc4) 18... e5 19. Qf5 Bd4 20. Be3 Bxc3 21.
bxc3 $14 {Als dit inderdaad het maximale is van wat wit kan bereiken, dan
begin ik langzamerhand iets beter te begrijpen waarom Schekachev voor 12. Pxe6
koos.}) 15... Nc5 $2 {Na 3' nadenken gespeeld. Hij wil eigenlijk iets met Pg4
spelen, maar dan komt De4. Als Francis zich iets meer in de stelling had
verdiept (maar hij was natuurlijk aangeslagen) dan had hij misschien het
volgende gevonden.} (15... Bc5 {Dit ligt nog voor de hand en had ik ook
verwacht.} 16. Qe2 {Zoals gepland. Maar nu heeft zwart het verrassende} Ne5 $1
{(Deze zet kan ook op 16.Df4 want 17.Txe5 leidt dan ook tot niks.)} 17. Qxe5 {
gedwongen.} Bxf2+ 18. Kxf2 Ng4+ 19. Kg1 Nxe5 20. Rxe5 {Materiaal is het zeer
OK voor wit, maar het is moeilijk de stukken te laten samenwerken. Bijv.} Qc6 (
{Interessant is ook meteen} 20... Rd3 21. Bf4 Qc6) 21. b3 ({Het beste is
waarschijnlijk} 21. Re1 Qxc4 22. Be3 f5 23. Rad1 Rxd1 24. Rxd1 Qc6 25. Kf2 Kf7
{maar ook hier is de winst voor wit ver te zoeken.}) 21... b5 $1 {gevolgd door
f6. Ik zie niet hoe win in het voordeel komt.}) 16. Rd1 $1 {Nu is alles dik in
orde voor wit. De rest van de partij geef ik met schaars commentaar. Ik doe
het niet altijd even handig, maar uiteindelijk wordt het punt binnengehaald.}
Rxd1+ 17. Nxd1 Ng4 $6 18. Qe2 h5 19. f3 Nf6 20. Bg5 Ncd7 21. Nf2 Qc6 22. Rd1
Bc5 {32'/31'} 23. Bxf6 (23. b3) 23... gxf6 $5 24. f4 $1 f5 25. Qxh5 Kf8 26. Kf1
Ke7 {50'/39'} 27. b3 Nf6 28. Qh8 Nd7 29. Qh3 (29. Rd3 $5) 29... Bxf2 $6 30.
Kxf2 Nf6 31. Ke2 $2 (31. Qh8 $1) 31... Qe4+ $2 (31... b5) 32. Kd2 b5 33. Qf1
Qc6 34. Kc2 ({Achteraf had ik liever} 34. Qd3 {gespeeld, maar met de tekstzet
blijkt ook niks mis te zijn.}) 34... Nd5 {1.04'/56' Hier schrok ik toch een
beetje van en ik begon een kwartier na te denken} 35. Re1 {1.18'} ({Nog beter
blijkt toch weer mijn eerste gedachte} 35. Qf2 bxc4 36. Qxa7+ Kf8 37. Qd4 cxb3+
38. Kxb3 Qb5+ 39. Kc2 Nb4+ 40. Kb1 Nd5+ 41. Ka1 $18) 35... Nb4+ $2 {1.06' Deze
zet verbaasde me. Noodzakelijk maar evenmin voldoende was} (35... Nb6 36. Kb2 (
{Tijdens de partij keek ik ook nog naar het veilige} 36. c5 Qxc5+ 37. Kb1 {
maar nodig is dit niet en het maakt de technische klus alleen maar lastiger.})
36... bxc4 37. Rc1 Qd6 38. Qe1 cxb3 39. axb3 {en wit wint op den duur.}) 36.
Kb1 Qa6 37. Qe2 bxc4 38. Rc1 Nd5 39. Qxc4 Qb6 40. Qc5+ {"Wat een rotpartij",
zei Francis achteraf. Zoiets zei Wim Nijenhuis ook al tegen mij na onze partij.
Deze mannen proberen zo'n partij zo snel mogelijk te vergeten en kijken er
nooit meer naar. Neem maar van mij aan, dat in elke partij momenten zijn die
het analyseren waard zijn.} 1-0